| 000 | 00440nam a2200157 a 4500 | ||
|---|---|---|---|
| 001 | 1167 | ||
| 003 | CDMR | ||
| 005 | 20151022113002.0 | ||
| 008 | 130130s1999||||||||||||||||||||||||||||d | ||
| 040 |
_aCDMR _bcat _cCPC LLEIDA |
||
| 110 | 2 |
_9264 _aCadena SER |
|
| 245 | 1 | 0 |
_aEn el aire _b: 75 años de Radio en España _cCadena SER |
| 260 |
_aMadrid _c1999 _bPromotora General de Revistas |
||
| 650 | 0 | 4 |
_91720 _aRadiodifusió _zEspanya |
| 942 |
_cMON _2udc |
||
| 999 |
_c1167 _d1167 |
||